| 000 | 00463nam a2200181Ia 4500 | ||
|---|---|---|---|
| 008 | 240925s9999 xx 000 0 und d | ||
| 020 | _a71168923 | ||
| 082 | _a621.381SCH | ||
| 100 | _aSchuler ,Charles A. | ||
| 245 | 0 | _aElectronics: principles and applications | |
| 250 | _a5th | ||
| 260 |
_aNew York: _bMc Graw HIll _c,1999. |
||
| 300 |
_axiv,422p. _bNA _fOriginal |
||
| 500 | _aNA | ||
| 600 | _aElectronic Engineering | ||
| 650 | _aTechnology | ||
| 942 | _cBK | ||
| 999 |
_c8312 _d8312 |
||